00485 a2200169 450000100060000002000060000604000370001210000220004924000410007124500360011230000070014836200090015565000230016494200070018795201040019499900170029871186 a  cAnchieta - Colégio São Paulo aBrasileiro, Jonar10aA história da minha geografialpor10aA história da minha geografia a480 a2003 4aLiteratura juvenil cBK 00104070a88.1b88.1d2023-11-22l0oLJ 028.5 B823hp124/CSPr2023-11-22 14:27:18w2023-11-22yBK c71186d71186